000 01411cam a22002174a 4500
005 20250605164003.0
008 250528s ||||||||||||||||||||||||d
035 _a15726
020 _a412409305
040 _aGR-AtMCL
_bgre
_dGR-AtMCL
_eAACR2
245 1 _aInternational Finance
260 _bChapman & Hall,
_c1993
300 _a624
520 _aThis book is ideal for advanced undergraduate, postgraduate and post-experience courses in international banking or finance. Foreword, Preface, The Economics of International Transactions, Balance of Payments, International Parity Relations, The Organization of the International Financial System, The International Monetary System, The Foreign Exchange Market, International Risk Assessment, The Benefits and Risks of International Portfolio Investment, International Risk Management, Managing Foreign Exchange Risk, Valuing Currency Options, Sophisticated Hedging Techniques, Managing Interest Rate Risk, Raising Funds and Investing Internationally, Syndicated Euro credits, The Major Domestic Bond Markets, The Swap Market, World Equity Markets, Capital Budgeting and Direct Foreign Investment, International Mergers and Acquisitions, Glossary, References, Author and Subject Index.
700 1 _aClark Ephraim
_91693
700 1 _aLevasseur Michel
_91694
700 1 _aRousseau Patrick
_91695
942 _cBK
999 _c1282
_d1282